00294nam a2200121Ia 4500008004100000041000900041082001600050100001800066245002700084260004600111300000700157650000800164230718s9999 xx 000 0 und d aEng. a3835bMR.-N aMr. M, Freami 0aNational law reporters aPakistanbNational law repaired2005c2003 a72 aLaw